An historical atlas of Islam = Atlas historique de l'Islam

Saved in:
Bibliographic Details
Other Authors: Kennedy, Hugh (Editor), Bel, Marc (Cartographer), Donck, Peter van der (Cartographer)
Format: Book
Language:English
French
Published: Leiden; Boston : Brill, 2002.
Edition:2nd ed., rev.
Subjects:
Tags: Add Tag
No Tags, Be the first to tag this record!

MARC

LEADER 00000cam a2200000 i 4500
001 1/44137
008 031031s2002####ne | | ||| |||| ||eng||
020 |a 9004122354  
035 |l 10071490 
040 |a GR-MY-UA  |b gre  |e aacr 
041 0 |a eng  |a fre 
082 0 |a 911.17671   |2 (21)  
245 1 3 |a An historical atlas of Islam =   |b Atlas historique de l'Islam /   |c edited by Hugh Kennedy ; [cartography Marc Bel, Peter van der Donck].  
246 1 |i Παράλληλος τίτλος:   |a Atlas historique de l'Islam  
250 |a 2nd ed., rev.  
260 |a Leiden; Boston :   |b Brill,   |c 2002.  
300 |a xx, 86 σ. :   |b έγχρ. χάρτες ;   |c 38 εκ.+   |e 1 οπτική δισκέτα λέϊζερ Η/Υ (4 3/4 ίν.).  
504 |a Περιέχει ευρετήριο.  
651 0 |a Islamic countries  |x Historical geography  |x Maps. 
651 0 |a Islamic countries  |x Civilization  |x Maps. 
700 1 |a Kennedy, Hugh.  |4 edt 
700 1 |a Bel, Marc.  |4 ctg 
700 1 |a Donck, Peter van der.  |4 ctg 
852 |a INST  |b LESVOS  |e 20031031  |h 911.17671 HIS  |p 005100024778  |q 005100024778  |t REF  |y 23 
852 |a INST  |b LESVOS  |e 20031031  |h 911.17671 HIS  |p 005100024777  |q 005100024777  |t REF  |y 23 
901 |a BIBL1-2003-3 
909 |a Λ  |b 100750 
909 |a Λ  |b 100751 
920 |a BRILL [εκδότης]  |y Λέσβος  |z 2002-01 
970 |a ΤΖΑΦΕΡΗ  |b ΕΥΑΓΓΕΛΙΑ  |z 2003/10/31